|
|
|
|
| LEADER |
01381cam a2200349Ia 4500 |
| 001 |
9780203024898 |
| 003 |
FlBoTFG |
| 005 |
20091230162920.0 |
| 006 |
a|||||s||||||||||| |
| 007 |
cr|||| |
| 008 |
990202s1999 enk sb 001 0deng d |
| 020 |
|
|
|a 9780203024898 (e-book : PDF)
|
| 040 |
|
|
|a FlBoTFG
|c FlBoTFG
|d GrThAP
|
| 043 |
|
|
|a e------
|a ff-----
|a aw-----
|
| 090 |
|
|
|a DG206.A4
|b L37 1999
|
| 092 |
|
|
|a 937.08092
|b L351
|
| 245 |
0 |
4 |
|a The late Roman world and its historian
|h [electronic resource] :
|b interpreting Ammianus Marcellinus /
|c edited by Jan Willem Drijvers and David Hunt.
|
| 260 |
|
|
|a London ;
|a New York :
|b Routledge,
|c 1999.
|
| 300 |
|
|
|a xii, 243 p.
|
| 504 |
|
|
|a Includes bibliographical references (p. 236-239) and index.
|
| 530 |
|
|
|a Also available in print edition.
|b CRC Press (http://www.crcpress.com)
|
| 538 |
|
|
|a Mode of access: World Wide Web.
|
| 600 |
0 |
0 |
|a Ammianus Marcellinus.
|t Rerum gestarum libri.
|
| 650 |
|
0 |
|a Historians
|z Rome
|v Biography.
|
| 650 |
|
0 |
|a Greeks
|z Rome
|v Biography.
|
| 650 |
|
0 |
|a Emperors
|z Rome
|v Biography
|x History and criticism.
|
| 651 |
|
0 |
|a Rome
|x History
|y Empire, 284-476
|x Historiography.
|
| 655 |
|
7 |
|a Electronic books.
|2 lcsh
|
| 700 |
1 |
|
|a Drijvers, Jan Willem.
|
| 700 |
1 |
|
|a Hunt, David
|q (Edward David),
|d 1947-
|
| 776 |
1 |
|
|z 9780415202718
|
| 856 |
4 |
0 |
|u http://www.tandfebooks.com/isbn/9780203024898
|z Full Text via HEAL-Link
|